02289nam a22003497a 4500003000900000008004100009040007100050082002300121110004200144245004600186260003200232300006100264440010000325505108800425650002801513650002201541650001401563650002601577650002301603650002001626650003701646650001901683650001501702700003001717700002901747700002601776700002701802700002901829700003001858700002401888700002701912AR-CdUCM190425b ||||| |||| 00| 0 spa d aMUNICIPALIDAD PROVINCIAL DEL CUSCOcBIBLIOTECA MUNICIPAL DEL CUSCO aRev.IAAC/N°8/1958 aInstituto Americano de Arte del Cuzco aRevista del Instituto Americano de Arte / aCusco :bH.G. Rozas,c1958. a206 [111] páginas. :bilustraciones, laminas ;c24 cm. aRevista del Instituto Americano de Arte Cuzco.nAño VIII, [?] semestre de 1958, N°8. Vol.[?] aContenido: Rumbo del Arte peruano. Alfredo Yépez Miranda. -- Una consideración referente a lo estético. Fernando Manrique. -- Juguetes cuzqueños de Navidad. Julio G. Gutiérrez. -- Túpac Amaru titán de los andes. Luis Velasco Aragón. -- Un nuevo mito de la fundación del Imperio. Efraín Morote Best. -- El toro en el Folklore. Edmundo Delgado Vivanco. -- La tragedia de los andes. Luis Felipe Paredes. -- Ruperto Huamán. Carlos Valer. -- Crítica literaria. Eustaquio Kallata. -- Cómo castigaba el pueblo del Cuzco a los tiranos y ladrones. Ernesto Corbacho Paredes. -- Poemas de Andrés Alencastre Gutiérrez y Faustino Espinoza Navarro. -- Canto Blindado poemas. Luis Nieto. -- Poemas, Gustavo Pérez Ocampo. -- Del impresionismo al Arte abstracto. Julio G. Gutiérrez. -- Homenaje a Benjamín Mendizábal Vizcarra. -- El Arte de José Sabogal. Emilio Mendizábal L. -- Actividades del Instituto en 1957. -- Necrología Luis Felipe Paredes. Miguel Angel Nieto. -- Monografías históricas del Cuzco. -- El Cuzco en 1835 por José María Blanco. aTradiciones cusqueñas aFiestas populares aFolcklore aLiteratura cusqueña aPoetas cusqueños aArte cusqueño aBenjamín Mendizábal Vizcarra aJosé Sabogal aEsculturas aGutiérrez Loayza, Julio aYépez Miranda, Alfredo aMorote Best, Efraín aVelazco Aragón, Luis aDelgado Vivanco, Edmundo aCorbacho Paredes, Ernesto aNieto Mirando, Luis aBlanco, José María